000 00933cam a2200301Mi 4500
001 96314
005 20230410130925.0
008 100324s2010 sp 000 p spa d
035 _a(OCoLC)ocn638850627
040 _aESUDE
_bspa
_cESUDE
_dOCLCQ
020 _a9788420404967
020 _a8420404969
029 1 _aNZ1
_b13485913
035 _a(OCoLC)638850627
050 1 4 _aPQ 8097
_bN454a 2010
049 _aGRAL
100 1 _aNeruda, Pablo,
_d1904-1973.
245 1 0 _aAntología general /
_cPablo Neruda ; [selección] Hernán Loyola.
260 _aMadrid :
_bAlfaguara,
_c2010.
300 _acx, 714 p. ;
_c21 cm.
500 _aEdición Conmemorativa; Real Academia Española.
501 _aAsociación de Academias De La Lengua Española.
650 4 _aPoesía chilena
_ySiglo XX.
600 1 4 _aNeruda, Pablo,
_d1904-1973
_xCrítica e interpretación.
942 _2lcc
_cbk
946 _amjcruz
994 _aC0
_bDRFGD
999 _c82836
_d82836